00747nam a2200241 a 4500001001300000003000900013005001700022008004100039020002300080082002000103100002700123245005200150260004500202300000900247500003500256505001000291650002400301700002700325902000800352942000700360952012100367999001700488nice12345678IN_TiNIC20260116013333.0050524s0000 dela grp 000 0 eng  a8185618 c24000a382.095405bDAL aDale, Stephen Frederic aIndian Merchants and Eurasian Tradeb 1600-1750 aDelhibCambridge University Press c0000 a162p aincludes index and biblioraphy2 aIndex aTrade-India-Eurasia1 aDale, Stephen Frederic bSRS cBK 001040708StackRoom-aHMIbHMId2007-06-06g240.00l0o382.095405 DALp015037r2007-06-06v240.00w2005-05-24yBK c10601d10601